00956cam a2200265 a 450000100100000000500170001000800410002702000150006804000250008308200180010810000560012624000320018224500710021426000350028530000210032044000410034153400410038265000310042365000350045470000300048991000280051991000070054795201210055499900150067500000435320200929151428.0910729s1993 sp 000 f spa  a847880269X aDO-SdBNPbspacBNPHU a813.54bD281s1 aDean, Maureenq(John Wesley Dean)d1938-197291282710aCapitol secrets.lEspañol10aSola ante la infancia /cMaureen Dean ; traducción, Ana Mendoza. aMadrid :bTemas de Hoy,c1993. a347 p. ;c23 cm. 0aNueva novela romántica ;v3912828 pTítulo original:tCapitol secrets. 4aNovela estadounidense9262 4aLiteratura estadounidense92631 aMendoza, Ana,etr.912829 aCatalogación derivada aWM 001052708MOaGRbGRcHDd2009-07-21iLF1l0o813.54 D281sp4353-10r2020-06-25w2020-06-25y2ZPréstamo interno c4162d4162